Problémy rastu ekonomiky eurozóny

Menová politika Európskej centrálnej banky (ECB) a jej kľúčová úloha pri stabilizácii hospodárstva v Európe po skončení krízy. Zavedenie série konvenčných a nekonvenčných opatrení, minimalizovanie deflácie, zníženie finančnej roztrieštenosti a podpora hospodárskeho oživenia.

Gespeichert in:
Bibliographische Detailangaben
1. Verfasser: Neumann, Stanislav
Format: Buchkapitel
Sprache:Slowakisch
Schlagworte:
Tags: Tag hinzufügen
Keine Tags, Fügen Sie das erste Tag hinzu!

MARC

LEADER 00000naa a2200000 4500
001 0227984
005 20170309094049.8
041 0 |a slo 
044 |a CZ 
245 1 0 |a Problémy rastu ekonomiky eurozóny  |c Stanislav Neumann 
520 |a Menová politika Európskej centrálnej banky (ECB) a jej kľúčová úloha pri stabilizácii hospodárstva v Európe po skončení krízy. Zavedenie série konvenčných a nekonvenčných opatrení, minimalizovanie deflácie, zníženie finančnej roztrieštenosti a podpora hospodárskeho oživenia. 
610 2 0 |a Európska centrálna banka 
610 2 0 |a eurozóna 
610 2 0 |a riziko bankové 
610 2 0 |a politika menová 
610 2 0 |a trh kapitálový 
610 2 0 |a únie bankové 
610 2 0 |a rast hospodársky 
100 1 |a Neumann, Stanislav